00597 a2200181 4500003000400000005001700004008004100021020001800062040000900080082001900089100002000108245004200128260004100170300000900211942004400220952013400264999001700398OSt20231127145048.0231127b |||||||| |||| 00| 0 eng d a9788123909381 coclc a576.072bGAR/E aGarg, F C99955 aExperimental Microbiology /cF C Garg aNew Delhi:bC B S Publishers,c2017. a150p 2ddccBKh576.072iGAR/Ek576.072mGAR/E 00102ddc40708ZOOLOGYaMESbMEScZOOd2023-11-27l0o576.072 GAR/Ep43882r2023-11-27 14:52:11v250.00w2023-11-27yBKzGL19R1 c43705d43705